000 00815cab a2200241 4500
001 ABS55863
008 090401t1996 xxu||||| |||| 00| 0 eng d
035 _a(Sirsi) u19226
041 _aeng
100 _aCuthbertson, A.
245 _aWasteland to wetlands
260 _c1996
350 _a0
490 _aPlanning Week
_v4(36) 5 September 1996, 12-13(2)
520 _aBarn Elms, a wetlands reserve in central London is a unique planning project - combining housing and ecology. This article looks at the background to the project and discusses how it was achieved through the principle of `enabling development`.
650 _aBARN ELMS
650 _aENABLING DEVELOPMENT
650 _aWASTELAND
650 _aWETLANDS
690 _aPLANNING LAW AND PRACTICE
942 _n0
948 _c04/03/1997
999 _c12814
_d12814